000 00485nam a2200181Ia 4500
003 IN-BaIIA
008 211028s9999 xx 000 0 eng d
040 _cIIA Library
080 _a047.1:52
_bVIA-25
100 _aP. Beer
_915100
245 0 _aVistas in astronomy vol. 25
_cP. Beer..[et.al]
260 _aOxford,
_bPergamon Press
_c1981
300 _a426p.
650 _aAstronomy
_980
650 _aAstronomy and Astrophysics thesaurus
650 _aAstrophysics
_9794
942 _cBK
999 _c8983
_d8983